000 00946nmc a2200337 a 4500
003 AR-BaBNM
005 20251128204105.0
008 136019s1986 ||||||||||||||000 | spa||
020 _a950-25-132-2
040 _cAR-BaBNM
100 1 _aCoggiola, Osvaldo
245 1 0 _aEl trotskismo en la Argentina
_b[1960-1985]. 1
260 _aBuenos Aires
_bCentro Editor de América Latina
_c1986
300 0 _a104 p.
490 0 _aBiblioteca política argentina
_vv. 133
600 1 4 _aPeña, Milciades
600 1 4 _aFrondizi, Silvio
610 2 4 _aPartido Comunista [Argentina]
650 4 _aHISTORIA POLITICA ARGENTINA
650 4 _aPOLITICA
650 4 _aHISTORIA DE LAS IDEAS
650 4 _aIDEOLOGIAS POLITICAS
650 4 _aPARTIDOS POLITICOS ARGENTINOS
650 4 _aSOCIALISMO
650 4 _aCOMUNISMO
651 4 _aArgentina
653 0 _aTROTSKISMO
800 1 _aTroncoso, Oscar
_edirector
942 _cBK
998 _cEnrique
999 _c6134
_d6134